ბათუმის შოთა რუსთაველის სახელმწიფო უნივერსიტეტის ბიბლიოთეკა

კვების საწარმოების პროცესები და აპარატები : (ბიბ.ჩანაწერი № 50810)

000 -ლიდერი
ფიქსირებული სიგრძის საკონტროლო ველი 01026nam a2200217Ia 4500
001 - საკონტროლო ნომერი
საკონტროლო ველი 17763
003 - საკონტროლო ნომრის იდენტიფიკატორი
საკონტროლო ველი GE_BSU
005 - ბოლო ოპერაციის თარიღი და დრო
საკონტროლო ველი 20250911190602.0
008 - ფიქსირებული სიგრძის მონაცემთა ელემენტები - ზოგადი ინფორმაცია
ფიქსირებული სიგრძის საკონტროლო ველი 181216s2011||||ge |||||||||||||| ||geo||
020 ## - წიგნის საერთაშორისო სტანდარტული ნომერი
International Standard Book Number 9789941417566
040 ## - კატალოგიზაციის წყარო
Transcribing agency GE_BSU
041 ## - ენის კოდი
Language code of text/sound track or separate title geo
080 ## - უნივერსალური ათობითი კლასიფიკაციის ინდექსი
Universal Decimal Classification number 664.02(075) მ-74
100 ## - მთავარი ჩანაწერი - პიროვნების სახელი
Personal name მიქაბერიძე, მ.
9 (RLIN) 25800
245 ## - ცნობა სათაურის შესახებ
Title კვების საწარმოების პროცესები და აპარატები :
Remainder of title [დამხმ. სახელმძღვ.] /
Statement of responsibility, etc მ. მიქაბერიძე; აკ. წერეთლის სახელმწ. უნ-ტი.
264 ## - წარმოების, გამოცემის, დისტრიბუციის და სხვა ცნობები
გამოცემის, წარმოების, დისტრიბუციის... ადგილი ქუთაისი :
გამოცემის, წარმოების, დისტრიბუციის... სახელწოდება აკ. წერეთლის სახელმწ. გამ-ბა,
გამოცემის, წარმოების, დისტრიბუციის... თარიღი 2011.
300 ## - ფიზიკური აღწერა
Extent 272 გვ. :
Other physical details ნახ., ცხრ. ;
Dimensions 21 სმ.
300 ## - ფიზიკური აღწერა
Accompanying material ბიბლ.გვ.263-264
653 ## - INDEX TERM--UNCONTROLLED
Uncontrolled term კვების საწარმოების პროცესები და აპარატები
942 ## - ADDED ENTRY ELEMENTS (KOHA)
Koha item type წიგნი
Source of classification or shelving scheme
ეგზემპლარები
ჩამოწერის სტატუსი დაკარგული ეგზემპლარის სტატუსი კლასიფიკაციის წყარო ან თაროზე გაწყობის სქემა დაზიანების სტატუსი არ გაიცემა მუდმივი მდებარეობა (დაცვის ადგილი) ამჟამინდელი ადგილსამყოფელი თაროზე განთავსების ადგილი შეძენის თარიღი სრული შენახვის შიფრი შტრიხკოდი ბოლო ოპერაციის თარიღი ეგზემპლარის მიმდევრობითი ნომერი (კეტერი?) ფასის ძალაში შესვლის თარიღი ეგზემპლარის სახეობა
          აგრარული და მემბრანული ტექნოლოგიების ინსტიტუტის ბიბლიოთეკა აგრარული და მემბრანული ტექნოლოგიების ინსტიტუტის ბიბლიოთეკა წიგნსაცავი 2018-12-17 664.02(075) მ-74 41610 2018-12-17 41610 2018-12-17 წიგნი